Normale Ansicht MARC-Ansicht ISBD

Moskva v 1917 godu (Titelsatznr. 50225)

[ MARC ]
MARC-Details
000 -Satzkennung
Kontrollfeld mit fester Länge 00705nam a22002411c 4500
001 - Kontrollnummer
Kontrollfeld a987689829
008 - Feld mit fester Länge zur physischen Beschreibung - Allgemeine Angaben
Kontrollfeld mit fester Länge 180704s2018 gw |||| 000u rus d
020 ## - Internationale Standardbuchnummer
Internationale Standardbuchnummer 9785852094148
Verknüpfung 978-5-85209-414-8
041 ## - Sprachcode
Sprachcode des Textes/der Tonspur oder des separaten Titels rus
040 ## - Katalogisierungsquelle
Übertragungsstelle RU-10907106
003 - Kontrollnummer Identifier
Kontrollfeld RU-10907106
100 1# - Haupteintragung - Personenname
Personenname Voznesenskij, Aleksandr Nikolaevič
245 00 - Titel
Titel Moskva v 1917 godu
250 ## - Ausgabebezeichnung
Ausgabebezeichnung Reprint der Ausgabe von 1928
264 ## - Produktion, Veröffentlichung, Distribution, Herstellung und Urheberrechtsvermerk
Herstellungs-, Veröffentlichungs- Vertriebs-, Erzeugungsort Moskva,
Datum der Herstellung, der Veröffentlichung, des Vertriebs oder des Urheberschutzvermerks 2018
300 ## - Physische Beschreibung
Umfang 302 Seiten
490 #0 - Gesamttitelangabe
Gesamttitelangabe K 100-letiju Velikoj rossijskoj revoljucii
650 #0 - Nebeneintragung unter einem Schlagwort - Sachschlagwort
Sachschlagwort oder geografischer Name als Eintragungselement Oktoberrevolution
650 #0 - Nebeneintragung unter einem Schlagwort - Sachschlagwort
Sachschlagwort oder geografischer Name als Eintragungselement Februarrevolution <1917, Russland>
651 #0 - Nebeneintragung unter einem Schlagwort - Geografischer Name
Geografischer Name Moskau
710 2# - Nebeneintragung - Körperschaftsname
Körperschafts- oder Gebietskörperschaftsname als Eintragungselement Gosudarstvennaja publičnaja istoričeskaja biblioteka Rossii
942 ## - Zusätzliche Felder (Koha)
Koha-Medientyp Monographien
Exemplare
Ausgeschieden Verloren Klassifikation oder Aufstellungssystematik Beschädigt Nicht entleihbar Heimatbibliothek Aufenthaltsbibliothek Aufstellungsort Erwerbungsdatum Inventarnummer Signatur Barcode Letzte Aktivität Preis gültig von Koha-Medientyp
    Andere/Generische Klassifikation     MWN Osteuropa MWN Osteuropa Magazin - 2 04/07/2018 18-01223 R 61 ec Voz E0040150790E846D 23/02/2021 22/03/2021 Monographien